00469nam a2200109 a 450000100100000000500170001000800410002704000250006824502010009326000450029430000200033900003330320200930070150.0110823s1930 dr 000 0 spa d aDO-SdBNPbspacBNPHU00aSegundo informe comercial e industrial que el consul general de la República Dominicana en la Habana Sr. Pablo Cabral y Báez presenta al hon. Sr. Secretario de Estado de Relaciones Exteriores. aSanto Domingo : 1930. :b[s.n. ],c1930. a34 p. ;c24 cm.